| 000 | 01081nam a22003137a 4500 | ||
|---|---|---|---|
| 001 | BR7801444 | ||
| 003 | BR-BrBNA | ||
| 005 | 20230928085542.0 | ||
| 007 | ta | ||
| 008 | 230509b bl.||||| |||| 00| 0 por d | ||
| 040 |
_aBR-BrBNA _bpor _cBiblioteca Nacional de Agricultura |
||
| 041 | _a(Por) | ||
| 072 |
_aL30; F25 _b1930 _b3830 _b3810 |
||
| 090 | _ 1930 BR7801444 | ||
| 100 | 1 | _aArruda, L.C. de | |
| 110 | 1 |
_aUniversidade Federal de Vicosa, MG (Brasil) _0Tese (Magister Scientiae) |
|
| 245 | 1 | _aInfluencia do estadio de desenvolvimento e da adubacao com fosforo e/ou potassio sobre a composicao quimica e a digestibilidade do capim-jaragua (Hyparrhenia rufa (Nees)Stapf) | |
| 260 | 3 |
_aVicosa, MG (Brasil): _c1977. |
|
| 300 | _a57 p. | ||
| 500 | _a14 tables; 10 graphs; Bibliography p. 37-41 (51 ref.); Summary (Por) | ||
| 650 | _aAdubacao | ||
| 650 | _aCapim jaragua | ||
| 650 | _aFertilizante fosfatado | ||
| 650 | _aFertilizante potassico | ||
| 650 | _aDigestibilidade | ||
| 650 | _aComposicao quimica | ||
| 909 |
_a202309 _bLucia _c55 _dLucia Elande |
||
| 942 | _cBK | ||
| 999 |
_c25052 _d25052 |
||